00603nam a22001697a 450000500170000000800410001702000130005808200210007110000200009224501310011226000440024330000170028765000170030494200060032195200930032799900130042020240227072737.0240227b |||||||| |||| 00| 0 eng d a08030030 222a323.4.bHUM. aSamnoy, Ashild. aHuman Rights as International Consensus :bThe Making of the universal Declaration of Human Rights 1945-1948 /cAshild Samnoy. aUnited nations :bHuman Rights /c1993. avii, 164 p., aHuma rights. cL 001040708LaWERCLbWERCLd2024-02-27l0o323.4. HUM.p3178r2024-02-27w2024-02-27yL c510d510